Grundbegriffe der Poetik.

Salvato in:
Dettagli Bibliografici
Autore principale: Staiger, Emil
Natura: Libro
Lingua:German
Pubblicazione: Zurich : Atlantis, 1946.
Soggetti:
LEADER 00666nam a22001931 4500
001 c000370173
003 CARM
005 00000000000000.0
008 851211s1946 sz 0 ger d
019 1 |a 9409986  |z 4178608  |5 LACONCORD2021 
035 |a (OCoLC)2947677  |5 LACONCORD2021 
100 1 |a Staiger, Emil. 
245 1 0 |a Grundbegriffe der Poetik. 
260 |a Zurich :  |b Atlantis,  |c 1946. 
650 0 |a German poetry. 
852 8 |b CARM  |h A1:AL32G0  |i B10186  |p 0429836  |f BK 
082 0 4 |a 831 
999 f f |i 13dd94dc-889e-57e8-afe0-bb97b855e476  |s fac45949-b0a1-5728-a6dc-6dad6e83fc54 
952 f f |p Can circulate  |a CAVAL  |b CAVAL  |c CAVAL  |d CARM 1 Store  |e B10186  |f A1:AL32G0  |h Other scheme  |i book  |m 0429836